| 000 | 00516nam a2200181 a 4500 | ||
|---|---|---|---|
| 001 | 000021830 | ||
| 003 | DO-SdBNP | ||
| 005 | 20240621114133.0 | ||
| 008 | 100913s1987 dr 000 0 spa d | ||
| 040 |
_aDO-SdBNP _bspa _cBNPHU |
||
| 049 | _aBNPD | ||
| 082 |
_axxx _bC181p |
||
| 100 | 1 |
_aCamejo Henriquez, José Leoncio _945340 |
|
| 245 | 1 | 3 |
_aLa provincia de Dajabón / _cJosé Leoncio Camejo Henriquez. |
| 260 |
_aDajabón : _bLiga Municipal Dominicana, _c1987. |
||
| 300 |
_a14 p. ; _c21 cm. |
||
| 942 |
_2ddc _cLBS1 |
||
| 999 |
_c21328 _d21328 |
||